000 00720nam a2200217Ii 4500
003 JO-AjNU
008 230605s9999||||xx |||||||||||||| ||und||
040 _aJO-AjNU
_bara
_erda
_cJO-AjNU
041 _aara
050 1 4 _aBP75.2.K4282.2004
100 3 _aالخالدي،صلاح عبد الفتاح ,
_eauthor
_921048
245 0 0 _aعتاب الرسول صلى الله عليه وسلم في القرآن تحليل وتوجيه
250 _aط1
264 3 1 _aدمشق:دار القلم ،2004
300 _a171ص
336 _atext
_btxt
_2rdacontent
337 _aunmediated
_bn
_2rdamedia
338 _avolume
_bnc
_2rdacarrier
490 0 _aمن كنوز القرآن9
650 4 _aسيرة نبوية
_921049
999 _aA7247
_c10815
_d10815